00409nam a2200157Ia 4500003000400000005001700004008004100021040000700062082002300069100003300092245003700125260004000162300002000202365001300222650001600235OSt20230615162526.0210423s2012 xx 000 0 und d cAL a621.38132 KAKS223 aKAKANI (S L);BHANDARI (K C). aElectronic devices and circuits. aNew DelhibViva Books Pvt Ltdc2012 axxviii,1106bPB b795cINR aElectronics